000
00207 a2200097 4500
020
_a
9789962015499
041
_a
spa
100
_a
Gonzalo Mendez Gonzalez
245
_a
El simdrome y otros cuentos
942
_c
K
999
_c
26776
_d
26776